000
00328nam a2200145Ia 4500
005
20251222143155.0
008
251222s9999||||xx |||||||||||||| ||spa||
020
_a
8420601977
082
_a
861/F81
100
_a
Fray de León, Luis
245
0
_a
Fray Luis de León:
250
_a
1ra.ed.
264
_b
Alianza
942
_c
LIB
999
_c
12831
_d
12831